000 00372nam a22001337a 4500
020 _aNA
082 _222
_a624.21
100 _aRakshit, S.K.
245 _aConstruction maintenance restoration and rehabitation of highway bridge /
250 _aNA
260 _aNew Delhi,
_bNew central book agency
_cc2008.
300 _axxvi,335 p. ;
_bill. ;
_c24 cm.
942 _2ddc
_cCIVIL
_01
999 _c672
_d672